[Event "London WFW"]
[Site "London ENG"]
[Date "1988.??.??"]
[Round "11"]
[White "Evans, Larry D"]
[Black "Levitt, Jonathan"]
[Result "0-1"]
[WhiteElo "2495"]
[BlackElo "2440"]
[PlyCount "102"]
[EventDate "1988.05.??"]
[Source "www.chesslib.no"]
[SourceDate "2004.05.04"]

1. d4 Nf6 2. c4 e6 3. Nc3 Bb4 4. Qb3 c5 5. dxc5 Bxc5 6. Nf3 O-O 7. Bg5 Be7 8. e3 d6 9. Be2 a6 10. O-O Qc7 11. Rac1 Nbd7 12. Rfd1 b6 13. Qc2 Bb7 14. h3 Rac8 15. Nd2 Rfe8 16. Bf4 Ne5 17. Bf1 Red8 18. Qb1 Qb8 19. b4 Qa8 20. e4 Qb8 21. a3 h6 22. Be3 Ned7 23. Qb3 Ba8 24. Rc2 Bf8 25. Rdc1 Rc7 26. f4 Rdc8 27. c5 bxc5 28. Bxa6 Bb7 29. Bxb7 Rxb7 30. b5 Nb6 31. Nc4 Nxc4 32. Qxc4 Rd7 33. Rd1 Qa8 34. Bc1 d5 35. exd5 exd5 36. Qe2 d4 37. Nb1 Nd5 38. f5 Nb6 39. Qg4 h5 40. Qxh5 Qe4 41. Rb2 c4 42. Nd2 Qe3+ 43. Kh1 c3 44. Nb3 Qg3 45. Re2 c2 46. Rf1 Bd6 47. Kg1 Qh2+ 48. Kf2 Bg3+ 49. Kf3 Rc3+ 50. Kg4 Be5 51. Bf4 Rg3+ 0-1

[Event "ARG-ch sf"]
[Site "ARG"]
[Date "1997.??.??"]
[Round "?"]
[White "Hoffman, Alejandro"]
[Black "Tempone, Marcelo"]
[Result "1-0"]
[WhiteElo "2480"]
[BlackElo "2450"]
[PlyCount "102"]
[EventDate "1997.??.??"]
[Source "www.chesslib.no"]
[SourceDate "2004.05.04"]

1. d4 Nf6 2. c4 e6 3. Nc3 Bb4 4. Qb3 a5 5. Nf3 d5 6. Bg5 c6 7. e3 Nbd7 8. cxd5 exd5 9. Bd3 Nf8 10. O-O Ne6 11. Bh4 O-O 12. Ne5 Be7 13. Bxf6 Bxf6 14. f4 g6 15. Rad1 Qe7 16. a3 Bxe5 17. fxe5 f6 18. exf6 Rxf6 19. Rxf6 Qxf6 20. Rf1 Qe7 21. e4 Kg7 22. exd5 Nxd4 23. Qb6 Qe3+ 24. Kh1 Nf5 25. Qc7+ Qe7 26. Qf4 Qd6 27. Qxd6 Nxd6 28. h3 Bf5 29. Rd1 Bxd3 30. Rxd3 c5 31. Re3 Re8 32. Rxe8 Nxe8 33. Ne4 b6 34. g4 Nf6 35. Nc3 g5 36. Kg2 Kf7 37. Kf3 Ke7 38. a4 Kd7 39. Ke3 h5 40. gxh5 Nxh5 41. Ke4 Nf4 42. h4 Nh3 43. h5 g4 44. h6 Ng5+ 45. Kf4 Nf7 46. h7 Ke7 47. Ne4 Kf8 48. Ng5 Nh8 49. Kxg4 Kg7 50. Kf5 Ng6 51. d6 Nf8 1-0

[Event "Corfu Open"]
[Site "Corfu GRE"]
[Date "1991.??.??"]
[Round "3"]
[White "Piket, Jeroen"]
[Black "Zsinka, Laszlo"]
[Result "1-0"]
[WhiteElo "2550"]
[BlackElo "2375"]
[PlyCount "57"]
[EventDate "1991.08.??"]
[Source "www.chesslib.no"]
[SourceDate "2004.05.04"]

1. d4 Nf6 2. c4 e6 3. Nc3 Bb4 4. Qb3 c5 5. dxc5 Bxc5 6. Nf3 O-O 7. Bg5 Be7 8. e4 h6 9. Bxf6 Bxf6 10. e5 Be7 11. Bd3 Nc6 12. O-O b6 13. Rad1 a6 14. Bb1 Qc7 15. Qc2 g6 16. Rfe1 Kg7 17. Nd5 exd5 18. cxd5 Bc5 19. dxc6 Qxc6 20. e6 f5 21. exd7 Bb7 22. Qc3+ Kh7 23. Rd3 a5 24. a3 Qa4 25. b4 Bxf3 26. bxc5 Be4 27. f3 bxc5 28. fxe4 fxe4 29. Rd6 1-0

[Event "Cappelle la Grande op"]
[Site "Cappelle la Grande"]
[Date "2001.02.25"]
[Round "3"]
[White "Eliet, Nicolas"]
[Black "Spraggett, Kevin"]
[Result "0-1"]
[WhiteElo "2398"]
[BlackElo "2526"]
[PlyCount "80"]
[EventDate "2001.02.24"]
[Source "ChessBase"]
[SourceDate "2001.03.08"]

1. d4 Nf6 2. c4 e6 3. Nc3 Bb4 4. Qb3 c5 5. dxc5 Na6 6. a3 Bxc5 7. Nf3 O-O 8. Bg5 Be7 9. e4 b6 10. e5 Ne8 11. Bf4 Bb7 12. Be2 f5 13. h4 Nc5 14. Qd1 Ne4 15. Nb5 a6 16. Nbd4 Nc7 17. Nc2 b5 18. Ne3 b4 19. axb4 Bxb4+ 20. Kf1 a5 21. Nd4 Be7 22. h5 Na6 23. Rh3 Qb6 24. Nec2 Nac5 25. Qc1 a4 26. Raa3 Nb3 27. Raxb3 axb3 28. Rxb3 Qc7 29. f3 Nc5 30. Rc3 Na4 31. Nb5 Qb6 32. Rd3 Bc6 33. Ncd4 Bc5 34. Qd2 Bxd4 35. Rxd4 Nc5 36. Qe3 Ra1+ 37. Kf2 Qa5 38. Kg3 Qe1+ 39. Qf2 Qh1 40. Rd6 Nb7 0-1

[Event "Esucomex Open"]
[Site "Santiago CHI"]
[Date "1991.??.??"]
[Round "?"]
[White "Akopian, Vladimir E"]
[Black "Abarca Aguirre, Manuel"]
[Result "1-0"]
[WhiteElo "2555"]
[BlackElo "2365"]
[PlyCount "91"]
[EventDate "1991.??.??"]
[Source "www.chesslib.no"]
[SourceDate "2004.05.04"]

1. d4 Nf6 2. c4 e6 3. Nc3 Bb4 4. Qb3 Nc6 5. Nf3 O-O 6. a3 Bxc3+ 7. Qxc3 Ne4 8. Qc2 d5 9. e3 a5 10. Bd3 Nf6 11. O-O Bd7 12. Bd2 Qe7 13. Rfc1 Rfc8 14. Be1 a4 15. Rab1 h6 16. h3 Be8 17. Qd1 Na5 18. cxd5 exd5 19. Ne5 Nb3 20. Rc2 Ne4 21. Qg4 Qe6 22. Qxe6 fxe6 23. Be2 Nf6 24. Rd1 Nd7 25. Nd3 Bg6 26. Rc3 c6 27. h4 Re8 28. Nc1 Na5 29. Nd3 Rec8 30. Nf4 Bf7 31. h5 Nf6 32. Rc2 b5 33. Bxa5 Rxa5 34. Rdc1 Be8 35. Nxe6 Kf7 36. Nf4 Ke7 37. Rc5 Rb8 38. Nd3 Kd8 39. g4 Rb6 40. f3 Ra7 41. Nb4 Re7 42. Kf2 Rf7 43. Kg3 Re7 44. R1c3 Rc7 45. Bd3 Re7 46. Bf5 1-0

[Event "ARG-World"]
[Site "Buenos Aires"]
[Date "1994.??.??"]
[Round "9"]
[White "Soppe, Guillermo"]
[Black "Renet, Olivier"]
[Result "1-0"]
[WhiteElo "2430"]
[BlackElo "2485"]
[PlyCount "111"]
[EventDate "1994.04.??"]
[Source "ChessBase"]

1. d4 e6 2. c4 Nf6 3. Nc3 Bb4 4. Qb3 c5 5. Nf3 d5 6. e3 O-O 7. cxd5 exd5 8. dxc5 Nc6 9. Be2 Be6 10. Nd4 Bxc5 11. Nxe6 fxe6 12. O-O a6 13. Bd2 b5 14. Rac1 Na5 15. Qd1 Bb6 16. b3 Nb7 17. Bf3 Nc5 18. Ne2 Nd3 19. Rc6 Rc8 20. Rxe6 Nc5 21. Nd4 Rf7 22. Rc6 Rxc6 23. Nxc6 Qd6 24. Nd4 Nce4 25. Qc2 Bxd4 26. exd4 Rc7 27. Qb2 h6 28. h3 Qb6 29. Be3 b4 30. Rc1 Rc3 31. Rxc3 bxc3 32. Qc2 Qb4 33. Be2 a5 34. Bd3 Kf7 35. f3 Nd2 36. Kf2 a4 37. bxa4 Nc4 38. Qb3 Qa5 39. Bxc4 dxc4 40. Qxc4+ Nd5 41. Bc1 Qd8 42. Kg1 Ke6 43. Qc5 Qa8 44. Qb5 Kd6 45. a5 Qc6 46. a4 c2 47. Qxc6+ Kxc6 48. Kf2 Kb7 49. Ke2 Ka6 50. Kd3 Nb4+ 51. Kc3 Kxa5 52. Kb3 Nc6 53. Bd2+ Ka6 54. Kxc2 Nxd4+ 55. Kd3 Nf5 56. g4 1-0

[Event "Podolsk GMA-qual"]
[Site "Podolsk RUS"]
[Date "1989.??.??"]
[Round "?"]
[White "Bilunov, B."]
[Black "Shneider, Aleksandr"]
[Result "1/2-1/2"]
[WhiteElo "2420"]
[BlackElo "2495"]
[PlyCount "53"]
[EventDate "1989.08.??"]
[Source "www.chesslib.no"]
[SourceDate "2004.05.04"]

1. d4 Nf6 2. c4 e6 3. Nc3 Bb4 4. Qb3 c5 5. dxc5 Na6 6. a3 Bxc5 7. g3 Be7 8. Bg2 Nc5 9. Qc2 d6 10. b4 Ncd7 11. Nf3 a6 12. Bb2 Qc7 13. Qb3 b6 14. Nd4 Bb7 15. Bxb7 Qxb7 16. O-O O-O 17. Rac1 Rfc8 18. Nd1 Rc7 19. Ne3 Rac8 20. b5 axb5 21. cxb5 Rxc1 22. Rxc1 Rxc1+ 23. Bxc1 d5 24. Nc6 Bc5 25. Nc2 Qc7 26. Kg2 h6 27. f3 1/2-1/2

[Event "NED Team Ch 9495"]
[Site "NED"]
[Date "1994.??.??"]
[Round "5"]
[White "Pieterse, Gert"]
[Black "Sosonko, Gennadi P"]
[Result "1/2-1/2"]
[WhiteElo "2385"]
[BlackElo "2525"]
[PlyCount "34"]
[EventDate "1994.??.??"]
[Source "www.chesslib.no"]
[SourceDate "2004.05.04"]

1. d4 Nf6 2. c4 e6 3. Nc3 Bb4 4. Qb3 c5 5. Nf3 d5 6. a3 Bxc3+ 7. bxc3 Qa5 8. e3 cxd4 9. exd4 O-O 10. Bd3 dxc4 11. Bxc4 Ne4 12. Bb2 Nc6 13. O-O Ng5 14. Be2 Qd8 15. Rfd1 Qb6 16. Nd2 Qxb3 17. Nxb3 f6 1/2-1/2

[Event "Budapest FS07 GM"]
[Site "Budapest"]
[Date "2002.07.17"]
[Round "12"]
[White "Pedersen, Nicolai Vesterbaek"]
[Black "Csom, Istvan"]
[Result "1-0"]
[WhiteElo "2458"]
[BlackElo "2448"]
[PlyCount "173"]
[EventDate "2002.07.06"]
[Source "ChessBase"]
[SourceDate "2002.09.11"]

1. d4 Nf6 2. c4 e6 3. Nc3 Bb4 4. Qb3 a5 5. a3 Bxc3+ 6. Qxc3 d6 7. Nf3 b6 8. b3 Bb7 9. Bb2 Nbd7 10. e3 Ra7 11. Nd2 c5 12. Be2 Qa8 13. f3 Qb8 14. O-O O-O 15. Rfd1 Rc8 16. e4 cxd4 17. Qxd4 Bc6 18. Nf1 Ne8 19. Qe3 Ra8 20. Rac1 Qb7 21. b4 axb4 22. axb4 Qc7 23. Rd2 Ra7 24. Qd4 Ra2 25. Ra1 Rca8 26. Rxa2 Rxa2 27. Bc3 Ra3 28. Ne3 Qa7 29. Rd1 Ra2 30. Ra1 Qa4 31. Rxa2 Qxa2 32. Bf1 Qa4 33. Qd3 Qb3 34. Qd2 Kh8 35. Be2 Ba4 36. Kf2 Qb1 37. Bd3 Qb3 38. Be2 Kg8 39. h3 Qb1 40. Bd3 Qb3 41. Be2 Qb1 42. Bb2 Qa2 43. Qc3 Kf8 44. h4 h6 45. Nf1 Bc6 46. Ba3 Ba4 47. Nd2 Qc2 48. Qxc2 Bxc2 49. Ke3 g5 50. hxg5 hxg5 51. Kd4 b5 52. c5 Ba4 53. Nb1 Ke7 54. Nc3 Nc7 55. cxd6+ Kxd6 56. e5+ Kc6 57. Bc1 Nb6 58. Ne4 Nbd5 59. Bd2 Bc2 60. Nxg5 Bg6 61. f4 Ne7 62. Bf3+ Kb6 63. g4 Na6 64. Kc3 Nc6 65. Be3+ Kc7 66. Bc5 Nxc5 67. bxc5 b4+ 68. Kc4 Bc2 69. Bxc6 Kxc6 70. Nf3 b3 71. Nd4+ Kc7 72. Kc3 Bd1 73. g5 Kd7 74. Nxb3 Kc6 75. Kb4 Kd5 76. Nc1 Bf3 77. Nb3 Bd1 78. Na5 Be2 79. c6 Ba6 80. c7 Ke4 81. Nc4 Kxf4 82. Ka5 Bc8 83. Nd6 Bd7 84. Nxf7 Kf5 85. Kb6 Kg6 86. Nd6 Kxg5 87. Kc5 1-0

[Event "Toulouse"]
[Site "Toulouse"]
[Date "1996.??.??"]
[Round "1"]
[White "Flear, Glenn C"]
[Black "Mitkov, Nikola"]
[Result "1/2-1/2"]
[WhiteElo "2435"]
[BlackElo "2470"]
[PlyCount "149"]
[EventDate "1996.10.??"]
[Source "ChessBase"]

1. d4 Nf6 2. c4 e6 3. Nc3 Bb4 4. Qb3 c5 5. dxc5 Na6 6. a3 Qa5 7. Bd2 Bxc3 8. Bxc3 Nxc5 9. Qd1 Qa4 10. b4 Qxd1+ 11. Rxd1 Na4 12. Ba1 Ke7 13. e3 b6 14. Bd3 d6 15. Ne2 Bd7 16. O-O Rhc8 17. h3 a6 18. e4 b5 19. e5 dxe5 20. c5 e4 21. Bxf6+ Kxf6 22. Bxe4 Ra7 23. Rd2 Ke7 24. f4 h6 25. Kf2 Be8 26. Rfd1 Rcc7 27. Ke3 Rd7 28. Rxd7+ Bxd7 29. Rd2 Bc8 30. Kd3 Rd7+ 31. Nd4 Kf6 32. Bc6 Rc7 33. Kc2 g5 34. fxg5+ hxg5 35. Rf2+ Kg7 36. Be4 Nb6 37. Kb3 Nc4 38. a4 e5 39. Nf3 f6 40. axb5 axb5 41. Nd2 Ne3 42. Re2 Be6+ 43. Kb2 Nd5 44. Bxd5 Bxd5 45. Ne4 Ra7 46. Nc3 Bc6 47. Rd2 f5 48. Rd6 Bxg2 49. c6 Rf7 50. Nxb5 f4 51. c7 Bxh3 52. Rd1 Kg6 53. Rc1 f3 54. Nd6 Rxc7 55. Rxc7 f2 56. Rc1 f1=Q 57. Rxf1 Bxf1 58. Kc3 g4 59. Kd2 g3 60. Ke3 Bg2 61. b5 Bd5 62. b6 e4 63. b7 g2 64. b8=Q g1=Q+ 65. Ke2 Qg4+ 66. Ke3 Qg1+ 67. Ke2 Qg2+ 68. Ke3 Qf3+ 69. Kd4 Qd3+ 70. Ke5 e3 71. Qe8+ Kg5 72. Qe7+ Kh5 73. Nf5 Qe4+ 74. Kf6 Qxe7+ 75. Kxe7 1/2-1/2

[Event "Perenyi  mem"]
[Site "Gyula"]
[Date "1997.??.??"]
[Round "13"]
[White "Dittmar, Peter"]
[Black "Sax, Gyula"]
[Result "0-1"]
[WhiteElo "2360"]
[BlackElo "2545"]
[PlyCount "68"]
[EventDate "1997.03.??"]
[Source "ChessBase"]
[SourceDate "1997.07.29"]

1. d4 Nf6 2. c4 e6 3. Nc3 Bb4 4. Qb3 c5 5. Nf3 Nc6 6. e3 d5 7. cxd5 exd5 8. dxc5 O-O 9. Be2 Be6 10. Nd4 Bxc5 11. Nxe6 fxe6 12. O-O Qe7 13. Bd2 Rad8 14. Rac1 Kh8 15. Qc2 e5 16. Rfd1 Bd6 17. Be1 e4 18. Nb5 Bb8 19. Nd4 Ne5 20. Qb3 Nd3 21. Bxd3 Bxh2+ 22. Kxh2 Ng4+ 23. Kg1 Qh4 24. Rc2 Qh2+ 25. Kf1 Nxe3+ 26. Ke2 exd3+ 27. Rxd3 Nxg2 28. Kd1 Nxe1 29. Kxe1 Qg1+ 30. Kd2 Rxf2+ 31. Kc3 Rc8+ 32. Kb4 Rfxc2 33. Nxc2 Qb6+ 34. Ka3 Qa6+ 0-1

[Event "Ostend Open"]
[Site "Ostend"]
[Date "1990.??.??"]
[Round "?"]
[White "Piket, Jeroen"]
[Black "Spassov, Liuben D"]
[Result "1/2-1/2"]
[WhiteElo "2495"]
[BlackElo "2400"]
[PlyCount "83"]
[EventDate "1990.09.??"]
[Source "www.chesslib.no"]
[SourceDate "2004.05.04"]

1. d4 Nf6 2. c4 e6 3. Nc3 Bb4 4. Qb3 c5 5. dxc5 Na6 6. a3 Bxc5 7. Nf3 O-O 8. Bg5 Be7 9. e4 d6 10. Be2 Nc5 11. Qc2 a6 12. O-O Qc7 13. h3 b6 14. b4 Ncd7 15. Rac1 Bb7 16. Rfd1 Rac8 17. Qb1 Qb8 18. Bf4 Rfd8 19. Rd2 b5 20. cxb5 Rxc3 21. Rxc3 Nxe4 22. Rb3 Nxd2 23. Nxd2 axb5 24. Bxb5 Bxg2 25. Bxd7 Ba8 26. Bxe6 fxe6 27. b5 Qb7 28. f3 Rf8 29. Bg3 d5 30. b6 e5 31. Rc3 Bd8 32. Bxe5 Bxb6+ 33. Kg2 Qe7 34. Qxb6 Qxe5 35. Re3 Qg5+ 36. Kf1 d4 37. Qxd4 Bb7 38. Kf2 Rd8 39. Qc4+ Kh8 40. Nf1 h6 41. Qf7 Bc6 42. Qe7 1/2-1/2

[Event "Groningen op"]
[Site "Groningen"]
[Date "1990.??.??"]
[Round "2"]
[White "Pieterse, Gert"]
[Black "Schmittdiel, Eckhard"]
[Result "0-1"]
[WhiteElo "2390"]
[BlackElo "2505"]
[PlyCount "62"]
[EventDate "1990.12.??"]
[Source "ChessBase"]

1. d4 Nf6 2. c4 e6 3. Nc3 Bb4 4. Qb3 a5 5. a3 Bxc3+ 6. Qxc3 a4 7. g3 O-O 8. Bg2 d6 9. Nf3 Qe7 10. O-O Nc6 11. h3 Bd7 12. Be3 Na5 13. Rad1 Bc6 14. Qb4 Rfe8 15. Bg5 h6 16. Bxf6 Qxf6 17. d5 Bd7 18. Nd4 exd5 19. cxd5 b6 20. Rc1 Rac8 21. e3 Nb7 22. Rfd1 Nc5 23. Rc2 Re5 24. Rc4 Rce8 25. Ne2 Bf5 26. Qc3 Be4 27. Bf1 Qf3 28. Rxe4 Nxe4 29. Qe1 Rf5 30. Rd4 Nxf2 31. Bg2 Qxe3 0-1

[Event "Budapest FS07 GM"]
[Site "Budapest"]
[Date "2002.07.11"]
[Round "6"]
[White "Pedersen, Nicolai Vesterbaek"]
[Black "Kristjansson, Stefan"]
[Result "1-0"]
[WhiteElo "2458"]
[BlackElo "2428"]
[PlyCount "117"]
[EventDate "2002.07.06"]
[Source "ChessBase"]
[SourceDate "2002.09.11"]

1. d4 e6 2. c4 Nf6 3. Nc3 Bb4 4. Qb3 a5 5. a3 Bxc3+ 6. Qxc3 h6 7. Qg3 g5 8. h4 g4 9. e4 Nxe4 10. Qxg4 Nf6 11. Qg7 Ke7 12. Qg3 d6 13. Bd3 Nbd7 14. Qf3 Qg8 15. Rh3 Rb8 16. Rg3 Qf8 17. Bd2 b6 18. Bc3 Ba6 19. b4 axb4 20. axb4 Bb7 21. Qe2 Ra8 22. O-O-O Kd8 23. Nh3 Rg8 24. Rxg8 Qxg8 25. Nf4 b5 26. c5 Nd5 27. Nxd5 Bxd5 28. g4 Ra3 29. Bb2 Rxd3 30. Rxd3 Bc4 31. Ra3 Bxe2 32. Ra8+ Ke7 33. Rxg8 Nf6 34. Rh8 Nxg4 35. Kd2 Bf3 36. Ke1 h5 37. Bc1 dxc5 38. bxc5 c6 39. Bg5+ f6 40. Rh7+ Kf8 41. Bf4 e5 42. dxe5 fxe5 43. Bg3 Nf6 44. Ra7 Ng4 45. Ra3 Bd5 46. Ra7 Ke8 47. Rh7 Nf6 48. Rh8+ Kf7 49. Bxe5 Ne4 50. Bd4 Kg6 51. Rf8 Bf7 52. Rd8 Bd5 53. f3 Ng3 54. Rd6+ Kh7 55. Rf6 Bc4 56. Kf2 Ne2 57. Bb2 b4 58. Rxc6 Nc3 59. Bxc3 1-0

[Event "Honved"]
[Site "Budapest"]
[Date "1991.??.??"]
[Round "11"]
[White "Petran, Pal"]
[Black "Csom, Istvan"]
[Result "0-1"]
[WhiteElo "2425"]
[BlackElo "2460"]
[PlyCount "78"]
[EventDate "1991.??.??"]
[Source "ChessBase"]

1. d4 Nf6 2. c4 e6 3. Nc3 Bb4 4. Qb3 c5 5. Nf3 Nc6 6. e3 b6 7. a3 cxd4 8. exd4 Bxc3+ 9. Qxc3 Bb7 10. Bd3 Ne7 11. Bg5 Rc8 12. O-O Ne4 13. Bxe4 Bxe4 14. Nd2 Bb7 15. Rfe1 O-O 16. b3 Re8 17. Qh3 d5 18. Qg4 Qc7 19. Rac1 dxc4 20. bxc4 Ng6 21. h4 f5 22. Qh3 h6 23. h5 Nf4 24. Bxf4 Qxf4 25. Nb3 Qd6 26. Qc3 Qf4 27. Qg3 Qxg3 28. fxg3 Kf7 29. Re3 Kf6 30. g4 e5 31. gxf5 exd4 32. Rxe8 Rxe8 33. Nxd4 Re4 34. Rd1 Rg4 35. Rd2 Bxg2 36. Rxg2 Rxd4 37. Rg6+ Kxf5 38. Rxg7 Rg4+ 39. Rxg4 Kxg4 0-1

[Event "ESP-chT"]
[Site "Salamanca"]
[Date "1998.??.??"]
[Round "2"]
[White "Corral Blanco, Juan Antonio"]
[Black "Oms Pallise, Josep"]
[Result "1/2-1/2"]
[WhiteElo "2440"]
[BlackElo "2440"]
[PlyCount "60"]
[EventDate "1998.09.05"]
[Source "www.chesslib.no"]
[SourceDate "2004.05.04"]

1. d4 Nf6 2. c4 e6 3. Nc3 Bb4 4. Qb3 c5 5. dxc5 Na6 6. Nf3 O-O 7. Bg5 Qa5 8. Bd2 Nxc5 9. Qc2 Qc7 10. e3 Bxc3 11. Bxc3 Nce4 12. Bb4 d6 13. Bd3 Nc5 14. Be2 e5 15. O-O b6 16. Rfd1 Bb7 17. Nd2 Rac8 18. Qf5 Qe7 19. Bf3 g6 20. Qh3 Kg7 21. Bxb7 Qxb7 22. Qf3 Qe7 23. b3 Rfd8 24. Qe2 d5 25. Rac1 Qe6 26. cxd5 Rxd5 27. Nf3 Rxd1+ 28. Qxd1 Nfe4 29. Ba3 f6 30. Bxc5 Rxc5 1/2-1/2

[Event "Bad Woerishofen op"]
[Site "Bad Woerishofen"]
[Date "1996.??.??"]
[Round "4"]
[White "Dittmar, Peter"]
[Black "Emms, John M"]
[Result "0-1"]
[WhiteElo "2380"]
[BlackElo "2500"]
[PlyCount "86"]
[EventDate "1996.03.??"]
[Source "www.chesslib.no"]
[SourceDate "2004.05.04"]

1. d4 Nf6 2. c4 e6 3. Nc3 Bb4 4. Qb3 c5 5. a3 Bxc3+ 6. Qxc3 cxd4 7. Qxd4 Nc6 8. Qd1 Ne4 9. Nf3 Qa5+ 10. Nd2 d5 11. e3 O-O 12. cxd5 exd5 13. Be2 d4 14. exd4 Nxd4 15. O-O Nf6 16. Nb3 Nxe2+ 17. Qxe2 Qa4 18. Nc5 Qc6 19. Be3 b6 20. Nb3 Bb7 21. f3 Rfe8 22. Nd4 Qa4 23. Qf2 Rad8 24. Nf5 Bc8 25. Ng3 Nd5 26. Bd4 Nc7 27. b4 Ba6 28. Nf5 Ne6 29. Bxg7 Qb5 30. Nd4 Qg5 31. Nxe6 Rxe6 32. Bc3 Bxf1 33. Kxf1 Qe3 34. Qg3+ Rg6 35. Qc7 Qd3+ 36. Kg1 Qd6 37. Qc4 Qc6 38. Qxc6 Rxc6 39. Be5 Rc2 40. Bf6 Rdd2 41. g4 Rg2+ 42. Kf1 Rcf2+ 43. Ke1 Rxf3 0-1

[Event "Voronezh RUS"]
[Site "?"]
[Date "2006.06.12"]
[Round "1"]
[White "Bocharov Dmitry"]
[Black "Kachar Vladimir"]
[Result "1-0"]
[WhiteElo "2559"]
[BlackElo "2317"]
[PlyCount "120"]
[EventDate "2006.??.??"]
[Source "www.chesslib.no"]
[SourceDate "2004.05.04"]

1. d4 Nf6 2. c4 e6 3. Nc3 Bb4 4. Qb3 c5 5. Bg5 b6 6. Nf3 h6 7. Bh4 Nc6 8. d5 Ne7 9. Bxf6 gxf6 10. e4 d6 11. dxe6 fxe6 12. O-O-O Bxc3 13. Qxc3 Nc6 14. Nh4 Nd4 15. Rxd4 cxd4 16. Qxd4 Kd7 17. Be2 Kc7 18. Rd1 Rg8 19. Qe3 Qf8 20. f4 Bb7 21. g3 Rd8 22. Nf3 Kb8 23. Nd4 Qe7 24. Bf3 Rc8 25. b3 Rc5 26. Kb2 a6 27. Qd3 Rd8 28. Bg4 Bc8 29. b4 Rc7 30. a3 Qe8 31. f5 Qg8 32. Be2 e5 33. Nb3 Bb7 34. Qe3 b5 35. cxb5 axb5 36. Bxb5 Qg4 37. Re1 Rdc8 38. Bd3 Qg5 39. Qe2 d5 40. exd5 Bxd5 41. Nc5 Rxc5 42. bxc5 Rxc5 43. Rb1 Rc7 44. Ka1+ Rb7 45. Be4 Rxb1+ 46. Kxb1 Bxe4+ 47. Qxe4 h5 48. Kc2 Ka7 49. Kd3 Ka6 50. Ke2 Qg4+ 51. Qxg4 hxg4 52. Kf2 Kb5 53. Kg2 Ka4 54. h4 gxh3+ 55. Kxh3 Kb3 56. a4 e4 57. a5 e3 58. a6 e2 59. a7 e1=Q 60. a8=Q Qe7 1-0

[Event "FRA Cup"]
[Site "?"]
[Date "1998.??.??"]
[Round "?"]
[White "Eliet Nicolas"]
[Black "Bauer Christian"]
[Result "0-1"]
[WhiteElo "2355"]
[BlackElo "2520"]
[PlyCount "74"]
[EventDate "1998.??.??"]
[Source "www.chesslib.no"]
[SourceDate "2004.05.04"]

1. d4 e6 2. c4 Nf6 3. Nc3 Bb4 4. Qb3 c5 5. dxc5 Na6 6. a3 Qa5 7. Bd2 Bxc3 8. Bxc3 Nxc5 9. Qd1 Qc7 10. f3 e5 11. e3 d6 12. b4 Ncd7 13. Rc1 a5 14. Qd2 O-O 15. Rd1 d5 16. bxa5 Re8 17. cxd5 Nxd5 18. Bb4 N7f6 19. Rc1 Qd8 20. Bb5 Bd7 21. Bc4 Be6 22. Bb5 Nxb4 23. Qxb4 Rf8 24. a4 Nd5 25. Qd2 Qxa5 26. Ne2 Qb6 27. e4 Ne3 28. Nc3 Rfd8 29. Qf2 Qd4 30. Nd1 Qb4+ 31. Nc3 Qd4 32. Nd1 Rac8 33. Rb1 Rc3 34. Qe2 Nc2+ 35. Kf1 Rcc8 36. Nb2 Ne3+ 37. Ke1 Rc2 0-1

[Event "Budapest Hungaroil"]
[Site "Budapest HUN"]
[Date "1995.??.??"]
[Round "7"]
[White "Varga, Zoltan"]
[Black "Borocz, Istvan"]
[Result "1/2-1/2"]
[WhiteElo "2460"]
[BlackElo "2415"]
[PlyCount "61"]
[EventDate "1995.??.??"]
[Source "www.chesslib.no"]
[SourceDate "2004.05.04"]

1. d4 Nf6 2. c4 e6 3. Nc3 Bb4 4. Qb3 c5 5. dxc5 Bxc5 6. Nf3 b6 7. Bg5 Bb7 8. Qc2 Be7 9. e4 d6 10. O-O-O Nbd7 11. Bxf6 gxf6 12. Nd4 a6 13. f4 Qc7 14. f5 e5 15. Nb3 O-O 16. Kb1 Rfc8 17. Qe2 b5 18. Rd3 bxc4 19. Rg3+ Kh8 20. Nd2 Nb6 21. Qh5 Rg8 22. Qxf7 Raf8 23. Rxg8+ Rxg8 24. Be2 Rxg2 25. Bxc4 Nxc4 26. Nxc4 Rg7 27. Qe8+ Rg8 28. Qf7 Rg7 29. Qe8+ Rg8 30. Qf7 Rg7 31. Qe8+ 1/2-1/2

[Event "TCh-BEL 2007-8"]
[Site "Belgium BEL"]
[Date "2008.02.10"]
[Round "8"]
[White "Eliet, N."]
[Black "Cekro, E."]
[Result "1/2-1/2"]
[WhiteElo "2453"]
[BlackElo "2416"]
[PlyCount "39"]
[EventDate "2008.01.06"]
[Source "www.chesslib.no"]
[SourceDate "2004.05.04"]

1. d4 Nf6 2. c4 e6 3. Nc3 Bb4 4. Qb3 Qe7 5. a3 Bxc3+ 6. Qxc3 a5 7. g3 a4 8. Bg2 d6 9. Nf3 b6 10. Nd2 Ra5 11. O-O O-O 12. b4 axb3 13. Nxb3 Ra4 14. Bb2 Ba6 15. Nd2 Qd7 16. Qb3 b5 17. cxb5 Qxb5 18. Qxb5 Bxb5 19. Rfe1 Na6 20. Rac1 1/2-1/2

[Event "103rd ch-SUI"]
[Site "Silvaplana"]
[Date "2003.07.12"]
[Round "3"]
[White "Hochstrasser, Michael"]
[Black "Jenni, Florian"]
[Result "0-1"]
[WhiteElo "2359"]
[BlackElo "2508"]
[PlyCount "82"]
[EventDate "2003.07.10"]
[Source "Roberto Alvarez"]
[SourceDate "2003.08.04"]

1. d4 Nf6 2. c4 e6 3. Nc3 Bb4 4. Qb3 c5 5. dxc5 Na6 6. a3 Bxc5 7. Nf3 b6 8. Bg5 Bb7 9. e3 Be7 10. Be2 O-O 11. O-O Nc5 12. Qc2 Nce4 13. Nxe4 Bxe4 14. Qa4 Qc7 15. Rfd1 Rfd8 16. Nd4 a6 17. Bf3 Bxf3 18. Nxf3 h6 19. Bh4 Qb7 20. Rd4 b5 21. cxb5 axb5 22. Qb3 d5 23. Bxf6 Bxf6 24. Rb4 Rab8 25. Nd4 Bxd4 26. Rxd4 Rdc8 27. g3 Rc4 28. Qd1 Rbc8 29. b3 Rc2 30. Rb4 Qe7 31. Qd4 R8c5 32. Qe5 Qb7 33. Qd4 Qc6 34. a4 e5 35. Qxe5 d4 36. Qb8+ Kh7 37. Rxd4 Rxf2 38. e4 Rcc2 39. Qe5 Rg2+ 40. Kf1 Rcf2+ 41. Ke1 Qc3+ 0-1

[Event "Sao Paulo zt 2.4"]
[Site "Sao Paulo"]
[Date "2000.06.12"]
[Round "8"]
[White "Gauche, Charles"]
[Black "Sunye Neto, Jaime"]
[Result "0-1"]
[WhiteElo "2310"]
[BlackElo "2555"]
[PlyCount "84"]
[EventDate "2000.06.05"]
[Source "ChessBase"]
[SourceDate "2000.07.11"]

1. d4 Nf6 2. c4 e6 3. Nc3 Bb4 4. Qb3 c5 5. Nf3 Nc6 6. e3 O-O 7. Bd2 d5 8. a3 Na5 9. Qa2 Bxc3 10. Bxc3 Ne4 11. Rc1 Nxc3 12. Rxc3 cxd4 13. exd4 dxc4 14. Bxc4 b6 15. O-O Bb7 16. Rd1 Rc8 17. Be2 Rxc3 18. bxc3 Qc7 19. Qd2 Rc8 20. Ne5 Qxc3 21. Qf4 f6 22. Ng4 Qc7 23. Qe3 Bd5 24. h4 Qc2 25. Rd2 Qc1+ 26. Kh2 h5 27. Nxf6+ gxf6 28. Qh6 Qc7+ 29. g3 Qf7 30. Bd1 Nc6 31. Rc2 Rf8 32. Rc3 Nxd4 33. a4 Qh7 34. Qc1 Qe4 35. f3 Qf5 36. Qh6 Qh7 37. Qc1 Qg6 38. Qe3 e5 39. Rc7 Rf7 40. Rc8+ Kg7 41. Rd8 Bb7 42. f4 exf4 0-1

[Event "Copa de IV"]
[Site "Mestres Copa de IV"]
[Date "1995.??.??"]
[Round "?"]
[White "Clarizza, Jorge Enrique"]
[Black "Pereyra Puebla, Manuel M"]
[Result "1-0"]
[WhiteElo "2555"]
[BlackElo "2305"]
[PlyCount "61"]
[EventDate "1995.??.??"]
[Source "www.chesslib.no"]
[SourceDate "2004.05.04"]

1. d4 Nf6 2. c4 e6 3. Nc3 Bb4 4. Qb3 Nc6 5. Nf3 Ne4 6. Qc2 d5 7. a3 Bxc3+ 8. bxc3 O-O 9. e3 Nd6 10. c5 Nf5 11. c4 Na5 12. cxd5 exd5 13. Bd3 g6 14. O-O Nh4 15. Nxh4 Qxh4 16. Rb1 Nc6 17. Bd2 Rb8 18. Rb2 f5 19. Qb3 Be6 20. Rfb1 f4 21. exf4 b6 22. Qa4 Bd7 23. cxb6 cxb6 24. Bb5 Qf6 25. Bxc6 Bxc6 26. Qxa7 Qxd4 27. Qc7 Qf6 28. Rxb6 Rxb6 29. Qxb6 d4 30. f3 Qf5 31. Rb4 1-0

[Event "NED Team Ch"]
[Site "NED"]
[Date "1993.??.??"]
[Round "8"]
[White "Pieterse, Gert"]
[Black "Brenninkmeijer, Joris"]
[Result "1/2-1/2"]
[WhiteElo "2385"]
[BlackElo "2475"]
[PlyCount "98"]
[EventDate "1993.??.??"]
[Source "www.chesslib.no"]
[SourceDate "2004.05.04"]

1. d4 Nf6 2. c4 e6 3. Nc3 Bb4 4. Qb3 c5 5. Nf3 Nc6 6. e3 d5 7. a3 Ba5 8. Bd3 O-O 9. O-O cxd4 10. exd4 dxc4 11. Qxc4 Bxc3 12. bxc3 Na5 13. Qa2 b6 14. Bg5 h6 15. Bh4 Bb7 16. Qe2 Rc8 17. Rac1 Qd5 18. c4 Qh5 19. Bxf6 gxf6 20. Qe3 Bxf3 21. gxf3 Rfd8 22. Be2 Qg5+ 23. Kh1 Qxe3 24. fxe3 e5 25. Rg1+ Kf8 26. Rg4 exd4 27. exd4 Nb3 28. Rd1 Re8 29. Bd3 Rcd8 30. Bc2 Re3 31. Rf4 Rd6 32. a4 Na5 33. c5 bxc5 34. Rf5 Nc6 35. Rxc5 Nxd4 36. Be4 f5 37. Ba8 Ne6 38. Rxd6 Nxc5 39. a5 Ra3 40. Rd5 Rxa5 41. Rxf5 Kg7 42. Kg2 Ra2+ 43. Kg3 Rc2 44. Bd5 f6 45. Rf4 a5 46. Rg4+ Kh7 47. Bg8+ Kh8 48. Bd5 Kh7 49. Bg8+ Kh8 1/2-1/2